[Event "Sterlitamak op"]
[Site "Sterlitamak"]
[Date "2011.07.04"]
[Round "8"]
[White "Fedotova, Ekaterina"]
[Black "Zheleznov, Sergey"]
[Result "1/2-1/2"]
[WhiteElo "1641"]
[BlackElo "2175"]
[PlyCount "84"]
[EventDate "2011.06.27"]
[EventType "swiss"]
[EventRounds "9"]
[EventCountry "RUS"]
[SourceTitle "EXT 2012"]
[Source "ChessBase"]
[SourceDate "2011.11.24"]
[SourceVersion "1"]
[SourceVersionDate "2011.11.24"]
[SourceQuality "1"]

1. d4 d5 2. c4 e6 3. Nc3 Nf6 4. Nf3 c6 5. Bg5 Be7 6. e3 0-0 7. c5 Nh5 8. Bxe7 Qxe7 9. b4 Nd7 10. b5 Nhf6 11. bxc6 bxc6 12. Qa4 e5 13. Qxc6 exd4 14. Nxd5 Nxd5 15. Qxd5 dxe3 16. Rc1 e2 17. Bxe2 Ba6 18. Nd4 Bxe2 19. Nxe2 Rfe8 20. Rc2 Rac8 21. c6 Qb4+ 22. Qd2 Qxd2+ 23. Kxd2 Ne5 24. c7 Re7 25. Rb1 Rd7+ 26. Ke3 Re7 27. Kf4 Ng6+ 28. Kg3 Rexc7 29. Rxc7 Rxc7 30. Rb8+ Nf8 31. a4 g6 32. Ra8 Kg7 33. Nf4 Nd7 34. Nd5 Rc5 35. Ne7 Ra5 36. Nc6 Rxa4 37. Rxa7 Rc4 38. Rxd7 Rxc6 39. f3 g5 40. h4 h6 41. hxg5 hxg5 42. Rd5 Kg6 1/2-1/2

[Event "Sterlitamak op"]
[Site "Sterlitamak"]
[Date "2011.07.01"]
[Round "5"]
[White "Zheleznov, Sergey"]
[Black "Gataullin, Artur"]
[Result "0-1"]
[WhiteElo "2175"]
[BlackElo "2050"]
[PlyCount "134"]
[EventDate "2011.06.27"]
[EventType "swiss"]
[EventRounds "9"]
[EventCountry "RUS"]
[SourceTitle "EXT 2012"]
[Source "ChessBase"]
[SourceDate "2011.11.24"]
[SourceVersion "1"]
[SourceVersionDate "2011.11.24"]
[SourceQuality "1"]

1. d4 d5 2. Nf3 Nf6 3. Bf4 Bf5 4. c4 e6 5. Nc3 Be7 6. h3 h6 7. e3 0-0 8. Bd3 Bxd3 9. Qxd3 dxc4 10. Qxc4 c6 11. 0-0 Nd5 12. Bg3 Bd6 13. Bxd6 Qxd6 14. Ne4 Qe7 15. a3 Nd7 16. b4 e5 17. Nc5 exd4 18. exd4 N7f6 19. Rfe1 Qc7 20. Ne5 Rfe8 21. b5 Nb6 22. Qb3 cxb5 23. Qxb5 Rad8 24. Nf3 a6 25. Qb3 Nfd7 26. Rec1 Nxc5 27. Rxc5 Qd6 28. Rac1 Re7 29. a4 Nd5 30. Rc8 Nf4 31. Rxd8+ Qxd8 32. Rd1 Qd6 33. Qc2 Re8 34. Qf5 g6 35. Qc5 Qf6 36. d5 Nxh3+ 37. Kf1 Qb2 38. gxh3 Qe2+ 39. Kg2 Qxd1 40. d6 Qxa4 41. Qc7 Qd1 42. d7 Rf8 43. Ne5 Qd5+ 44. Kg3 a5 45. Nc4 Qg5+ 46. Kh2 Qd8 47. Qd6 Qb8 48. Qxb8 Rxb8 49. Nxa5 Rd8 50. Nxb7 Rxd7 51. Nc5 Rd4 52. Nb3 Rb4 53. Nc1 Kg7 54. Kg2 g5 55. Nd3 Rd4 56. Ne1 Ra4 57. Nf3 f6 58. Nd2 Kg6 59. Nf1 Ra3 60. Ne3 Rxe3 61. fxe3 Kf5 62. Kf3 h5 63. e4+ Ke5 64. Ke3 g4 65. h4 g3 66. Kf3 g2 67. Kxg2 Kxe4 0-1

[Event "Sterlitamak op"]
[Site "Sterlitamak"]
[Date "2011.06.30"]
[Round "4"]
[White "Kononenko, Evgeny"]
[Black "Zheleznov, Sergey"]
[Result "0-1"]
[WhiteElo "1921"]
[BlackElo "2175"]
[PlyCount "93"]
[EventDate "2011.06.27"]
[EventType "swiss"]
[EventRounds "9"]
[EventCountry "RUS"]
[SourceTitle "EXT 2012"]
[Source "ChessBase"]
[SourceDate "2011.11.24"]
[SourceVersion "1"]
[SourceVersionDate "2011.11.24"]
[SourceQuality "1"]

1. e4 d6 2. d4 g6 3. c4 Bg7 4. Nc3 Nc6 5. Be3 e5 6. d5 Nce7 7. Qd2 f5 8. g3 Nf6 9. f3 c6 10. Bg2 cxd5 11. cxd5 0-0 12. Nge2 fxe4 13. fxe4 Ng4 14. 0-0-0 Nxe3 15. Qxe3 Bd7 16. Kb1 Qa5 17. a3 b5 18. Na2 Nc8 19. Bf1 Bg4 20. Rc1 h6 21. Nec3 Rf3 22. Qd2 Bd7 23. Qe2 Rf7 24. Nxb5 Rb8 25. Nbc3 Qxa3 26. Ka1 Qa5 27. Qa6 Qb6 28. Qxb6 Rxb6 29. Be2 h5 30. Rhf1 Bh6 31. Rxf7 Kxf7 32. Rf1+ Kg7 33. Bd1 Rb8 34. b3 Bh3 35. Rf2 Be3 36. Re2 Bd4 37. Kb2 Rb7 38. Kc2 a6 39. Kb1 Bf1 40. Rd2 Be3 41. Rb2 Rf7 42. Be2 Bd4 43. Bxf1 Rxf1+ 44. Kc2 Na7 45. Kd3 Rf3+ 46. Kc2 Nb5 47. Nxb5 0-1

[Event "Sterlitamak op"]
[Site "Sterlitamak"]
[Date "2011.06.27"]
[Round "1"]
[White "Zheleznov, Sergey"]
[Black "Beljushina, Sonja"]
[Result "1-0"]
[WhiteElo "2175"]
[BlackElo "1640"]
[PlyCount "87"]
[EventDate "2011.06.27"]
[EventType "swiss"]
[EventRounds "9"]
[EventCountry "RUS"]
[SourceTitle "EXT 2012"]
[Source "ChessBase"]
[SourceDate "2011.11.24"]
[SourceVersion "1"]
[SourceVersionDate "2011.11.24"]
[SourceQuality "1"]

1. d4 Nf6 2. Bf4 g6 3. e3 Bg7 4. c4 0-0 5. Nc3 d6 6. Be2 Nbd7 7. Nf3 Re8 8. 0-0 e5 9. dxe5 dxe5 10. Nxe5 Nxe5 11. Qxd8 Rxd8 12. Bxe5 c6 13. Rad1 Be6 14. f3 Nd7 15. Bxg7 Kxg7 16. Ne4 Nb6 17. b3 Rd7 18. Nc5 Rc7 19. Rd6 Re8 20. Rfd1 Nc8 21. Rd8 Rxd8 22. Rxd8 Ne7 23. Nxe6+ fxe6 24. Kf2 Ng8 25. c5 Nf6 26. Bc4 Kf7 27. Rd6 Re7 28. e4 Ne8 29. Rd8 Nf6 30. b4 Rd7 31. Rb8 Ke7 32. a4 Rc7 33. Ke3 e5 34. g3 g5 35. h3 Rd7 36. f4 gxf4+ 37. gxf4 exf4+ 38. Kxf4 Rd4 39. Rxb7+ Kd8 40. Bf7 Rd7 41. Rxd7+ Nxd7 42. Be6 Nf8 43. Bf5 Ke7 44. e5 1-0

[Event "Sterlitamak op"]
[Site "Sterlitamak"]
[Date "2010.06.28"]
[Round "5"]
[White "Khasanova, Eliza"]
[Black "Zheleznov, Sergey"]
[Result "0-1"]
[WhiteElo "1747"]
[BlackElo "2175"]
[PlyCount "78"]
[EventDate "2010.06.24"]
[EventType "swiss"]
[EventRounds "9"]
[EventCountry "RUS"]
[SourceTitle "CBM 137 Extra"]
[Source "ChessBase"]
[SourceDate "2010.09.01"]
[SourceVersion "1"]
[SourceVersionDate "2010.09.01"]
[SourceQuality "1"]

1. c4 e5 2. Nc3 c5 3. g3 Nc6 4. Bg2 Nf6 5. e3 g6 6. Nge2 Bg7 7. 0-0 0-0 8. d4 d6 9. b3 Bg4 10. d5 Ne7 11. h3 Bd7 12. Kh2 Ne8 13. Rb1 f5 14. e4 h6 15. f4 Kh7 16. Be3 exf4 17. Bxf4 g5 18. Bd2 Nf6 19. Qc2 Nh5 20. g4 Be5+ 21. Kg1 fxg4 22. Rxf8 Qxf8 23. Rf1 Qg7 24. hxg4 Bxg4 25. Bf3 Bxf3 26. Rxf3 Rf8 27. Qd3 Rf6 28. Nb5 Ng6 29. Bc3 a6 30. Na3 Qf7 31. Rxf6 Qxf6 32. Qh3 Ngf4 33. Nxf4 Nxf4 34. Qd7+ Qg7 35. Qf5+ Ng6 36. Bxe5 Qxe5 37. Qf7+ Qg7 38. Qf1 Qd4+ 39. Kh2 Nf4 0-1

[Event "PriFR-ch Seniors 6th"]
[Site "Samara"]
[Date "2008.03.13"]
[Round "3"]
[White "Zheleznov, Sergey"]
[Black "Apsatarov, Ivan"]
[Result "1-0"]
[WhiteElo "2175"]
[BlackElo "1984"]
[PlyCount "61"]
[EventDate "2008.03.11"]
[EventType "swiss"]
[EventRounds "9"]
[EventCountry "RUS"]
[SourceTitle "EXT 2022"]
[Source "ChessBase"]
[SourceDate "2021.10.06"]
[SourceVersion "1"]
[SourceVersionDate "2021.10.06"]
[SourceQuality "1"]

1. d4 Nf6 2. Nf3 g6 3. Bf4 Bg7 4. e3 0-0 5. c4 d6 6. Nc3 Nh5 7. Bg5 h6 8. Bh4 f5 9. Bd3 g5 10. Nd2 Qe8 11. Be2 Nf6 12. Bg3 e5 13. f3 f4 14. exf4 exf4 15. Bf2 Nc6 16. Qb3 Kh8 17. 0-0-0 a6 18. g3 Nh5 19. g4 Bxd4 20. Nde4 Bxf2 21. Nxf2 Qe3+ 22. Rd2 Qxf2 23. gxh5 Nd4 24. Qd1 c5 25. Ne4 Qh4 26. Rxd4 cxd4 27. Qxd4+ Kh7 28. Nf6+ Rxf6 29. Qxf6 Qxh5 30. Bd3+ Kg8 31. Bg6 1-0

[Event "Ufa op"]
[Site "Ufa"]
[Date "2006.??.??"]
[Round "11"]
[White "Zheleznov, Sergey"]
[Black "Ivanov, Andrew"]
[Result "0-1"]
[WhiteElo "2145"]
[BlackElo "2275"]
[PlyCount "168"]
[EventDate "2006.??.??"]
[EventType "swiss"]
[EventRounds "11"]
[EventCountry "RUS"]
[SourceTitle "EXT 2008"]
[Source "ChessBase"]
[SourceDate "2007.11.25"]
[SourceVersion "1"]
[SourceVersionDate "2007.11.25"]
[SourceQuality "1"]

1. d4 Nf6 2. Nf3 e6 3. Bf4 c5 4. e3 cxd4 5. exd4 Nc6 6. c3 Be7 7. Nbd2 Nh5 8. Be3 Nf6 9. Bf4 d6 10. Qc2 b6 11. Bd3 Bb7 12. Rd1 Rc8 13. Qb1 0-0 14. 0-0 h6 15. h3 Re8 16. Rfe1 a6 17. Ne4 Nh5 18. Bg3 b5 19. Re2 Na5 20. Ned2 Nc4 21. Rde1 Nf6 22. Qc1 Bd5 23. Nf1 b4 24. b3 Na5 25. c4 Bxf3 26. gxf3 Qb6 27. Qe3 Nc6 28. d5 Nd4 29. dxe6 Nxe2+ 30. Qxe2 Bf8 31. exf7+ Kxf7 32. Ne3 d5 33. cxd5 Bd6 34. Bxd6 Qxd6 35. Bc4 Kf8 36. Rd1 Re5 37. Qd3 Rce8 38. Ng4 Rg5 39. Kh1 Rh5 40. Kg2 Re7 41. f4 Qxf4 42. d6 Rd7 43. Be6 Rd8 44. f3 Rg5 45. h4 Rc5 46. Qg6 Nh5 47. Nxh6 Re5 48. Qf7+ Qxf7 49. Nxf7 Nf4+ 50. Kg3 Ne2+ 51. Kf2 Nc3 52. Rd3 Re2+ 53. Kf1 Re8 54. d7 R2xe6 55. dxe8Q+ Rxe8 56. Nd8 Nxa2 57. Nc6 Re6 58. Rd2 Nc3 59. Nxb4 a5 60. Na2 Nb1 61. Rd1 Na3 62. Rd4 Re3 63. Ra4 Rxf3+ 64. Kg1 Rxb3 65. Nc1 Rb1 66. Rxa3 Rxc1+ 67. Kf2 Rc5 68. Rb3 Rc8 69. Ra3 Ra8 70. Ra4 Ke7 71. Kg3 Kd6 72. Kg4 Kc5 73. Kg5 Ra6 74. h5 Kb5 75. Ra1 a4 76. Kf5 Kc4 77. Rg1 Ra7 78. Kg6 a3 79. Kh7 a2 80. Rg4+ Kd5 81. Rg1 Ke5 82. Re1+ Kf5 83. Rf1+ Kg5 84. h6 gxh6+ 0-1

[Event "Ufa op"]
[Site "Ufa"]
[Date "2006.??.??"]
[Round "7"]
[White "Zheleznov, Sergey"]
[Black "Nikitina, Elena"]
[Result "1-0"]
[WhiteElo "2145"]
[BlackElo "2010"]
[PlyCount "141"]
[EventDate "2006.??.??"]
[EventType "swiss"]
[EventRounds "11"]
[EventCountry "RUS"]
[SourceTitle "EXT 2008"]
[Source "ChessBase"]
[SourceDate "2007.11.25"]
[SourceVersion "1"]
[SourceVersionDate "2007.11.25"]
[SourceQuality "1"]

1. d4 Nf6 2. Nf3 d5 3. Bf4 g6 4. e3 Bg7 5. c4 c6 6. Nc3 0-0 7. c5 b5 8. cxb6 axb6 9. b4 Nbd7 10. Be2 Bb7 11. 0-0 c5 12. b5 Nh5 13. Bg5 h6 14. Bh4 Nhf6 15. h3 Re8 16. Bg3 Ne4 17. Nxe4 dxe4 18. Ne1 Nf8 19. Nc2 Qd5 20. a4 cxd4 21. exd4 Ne6 22. Be5 Bxe5 23. dxe5 Qxe5 24. Bc4 Nf4 25. Ne3 Red8 26. Qg4 h5 27. Qg3 Rac8 28. Kh1 Nd3 29. Qxg6+ Kh8 30. Qh6+ Kg8 31. Qg6+ Kh8 32. Bxf7 Rd6 33. Qxh5+ Qxh5 34. Bxh5 Rf8 35. Kg1 Rdf6 36. Ra2 Nb4 37. Rd2 Nd3 38. Bd1 Rg6 39. Kh2 Rgf6 40. Ng4 Rf4 41. Bc2 Nc5 42. Rfd1 Bc8 43. Kg3 Ne6 44. Rd5 Nc5 45. Rd8 Kg7 46. Rxc8 Rxg4+ 47. Kxg4 Rxc8 48. Kg3 Kf6 49. Rd2 Ke5 50. f4+ Ke6 51. Kf2 Kf6 52. g4 e6 53. Ke3 Rh8 54. Rh2 Rg8 55. Bxe4 Nxa4 56. Bd3 Nc5 57. Be2 Ra8 58. Bd3 Ra3 59. g5+ Kg7 60. Rd2 Rb3 61. h4 Nxd3 62. Rxd3 Rxb5 63. h5 Rb1 64. Rd7+ Kg8 65. h6 Rg1 66. Kf2 Rg4 67. Kf3 Rg1 68. Re7 b5 69. Rb7 Kh8 70. Rxb5 Kh7 71. Re5 1-0